Ecuaciones y reacciones químicas / (Record no. 183265)

MARC details
000 -LEADER
campo de control de longitud fija 00806nam a2200229 i 4500
001 - NÚMERO DE CONTROL
campo de control 183265
003 - IDENTIFICADOR DE NÚMERO DE CONTROL
campo de control ES-MaACL
005 - FECHA Y HORA DE LA ÚLTIMA TRANSACCIÓN
campo de control 20250815113538.0
008 - DATOS DE LONGITUD FIJA--INFORMACIÓN GENERAL
campo de control de longitud fija 140204s1943 sp |||| | spa d
100 1# - ENTRADA PRINCIPAL--NOMBRE DE PERSONA
Nombre de persona Hackh, Ingo Waldemar Dagobert.
9 (RLIN) 154364
245 10 - MENCIÓN DEL TÍTULO
Título Ecuaciones y reacciones químicas /
Mención de responsabilidad, etc. Ingo W. D. ; traducción española de Casimiro Busquets.
250 ## - MENCION DE EDICION
Mención de edición 1ª ed.
260 ## - PUBLICACIÓN, DISTRIBUCIÓN, ETC.
Lugar de publicación, distribución, etc. Barcelona :
Nombre del editor, distribuidor, etc. Ars,
Fecha de publicación, distribución, etc. 1943.
300 ## - DESCRIPCIÓN FÍSICA
Extensión 164 p. ;
Dimensiones 19 cm.
490 1# - MENCIÓN DE SERIE
Mención de serie Monografías de química general y aplicada ;
Designación de volumen o secuencia 1
650 #7 - PUNTO DE ACCESO ADICIONAL DE MATERIA--TÉRMINO DE MATERIA
Término de materia o nombre geográfico como elemento de entrada Reacciones químicas
Fuente del encabezamiento o término embne
9 (RLIN) 16682
650 #7 - PUNTO DE ACCESO ADICIONAL DE MATERIA--TÉRMINO DE MATERIA
Término de materia o nombre geográfico como elemento de entrada Ecuaciones químicas
Fuente del encabezamiento o término embne
9 (RLIN) 154365
700 1# - ENTRADA AGREGADA--NOMBRE PERSONAL
Nombre de persona Busquets, Casimiro.
9 (RLIN) 32836
830 0# - PUNTO DE ACCESO ADICIONAL DE SERIE-TÍTULO UNIFORME
Título uniforme Monografías de química general y aplicada ;
Designación de volumen o secuencia 1
9 (RLIN) 191894
852 ## - LOCALIZACIÓN
Ubicación ES-MaACL
Número de control de estantería E-3649
Holdings
Estatus retirado Estado de pérdida Estado de daño No para préstamo Biblioteca de origen Biblioteca actual Ubicación en estantería Fecha de adquisición Fuente de adquisición Total de préstamos Signatura topográfica completa Código de barras Visto por última vez Precio de reemplazo Tipo de ítem Koha
        Biblioteca del Ateneo de Madrid Biblioteca del Ateneo de Madrid Depósito 2 04/02/2014     E-3649 1192611 23/02/2023 23/02/2023 Libro impreso